00442 2200181 4500001002100000005001500021008004100036020001800077035001900095041000700114082000800121090001400129100001500143245002700158260003700185300001800222650002000240INLIS00000000001528220241224114914241224||||||||| | ||| |||| || |  a979-692-652-0 0010-1224015282 aid0 a500 a500 HAM m0 aIbnu Hamid00aSeri sains & Teknologi aBandungbRemaja Rosdakaryac2006 a28hlm;21x28cm 0ailmu ilmu murni